书目信息 |
| 题名: |
给水管道非开挖修复工程消耗量计价标准
|
|
| 作者: | 马孝春, , 胡远彪, , 许晋 主编 | |
| 分册: | ||
| 出版信息: | 北京 中国建筑工业出版社 2024.10 |
|
| 页数: | 105页 | |
| 开本: | 29cm | |
| 丛书名: | ||
| 单 册: | ||
| 中图分类: | TU991.36 | |
| 科图分类: | ||
| 主题词: | 给水管道--ji shui guan dao--管道维修--消耗定额--中国--2024 | |
| 电子资源: | ||
| ISBN: | 978-7-112-30411-0 | |
| 000 | 01068nam0 2200265 450 | |
| 001 | 90758 | |
| 005 | 20250816095601.73 | |
| 010 | @a978-7-112-30411-0@dCNY50.00 | |
| 100 | @a20250311d2024 em y0chiy50 ea | |
| 101 | 0 | @achi |
| 102 | @aCN@b110000 | |
| 105 | @ak z 000yy | |
| 106 | @ar | |
| 200 | 1 | @a给水管道非开挖修复工程消耗量计价标准@Agei shui guan dao fei kai wa xiu fu gong cheng xiao hao liang ji jia biao zhun@e2024年版 |
| 210 | @a北京@c中国建筑工业出版社@d2024.10 | |
| 215 | @a105页@d29cm | |
| 314 | @a书内题: 马孝春, 胡远彪, 许晋主编 | |
| 330 | @a本书适用于给水管道非开挖修复工程, 工作内容涉及管道检测、管道清洗、管道修复等。书中的人工、材料、机械的价格均采用市政工程价格信息中的要素价格。各地在使用中可根据本地当期建设市场价格调整表确定。 | |
| 606 | 0 | @a给水管道@Aji shui guan dao@x管道维修@x消耗定额@y中国@z2024 |
| 690 | @aTU991.36@v5 | |
| 701 | 0 | @a马孝春,@Ama xiao chun@f1967-@4主编 |
| 701 | 0 | @a胡远彪,@Ahu yuan biao@f1977-@4主编 |
| 701 | 0 | @a许晋@Axu jin@4主编 |
| 801 | 0 | @aCN@c20250909 |
| 905 | @a河南城建学院图书馆@dTU991.36@eM191@f1 | |
| 给水管道非开挖修复工程消耗量计价标准:2024年版.-北京:中国建筑工业出版社,2024.10 |
| 105页;29cm |
| ISBN 978-7-112-30411-0:CNY50.00 |
| 本书适用于给水管道非开挖修复工程, 工作内容涉及管道检测、管道清洗、管道修复等。书中的人工、材料、机械的价格均采用市政工程价格信息中的要素价格。各地在使用中可根据本地当期建设市场价格调整表确定。 |
| ● |
| 相关链接 |
|
|
|
正题名:给水管道非开挖修复工程消耗量计价标准
索取号:TU991.36/M191
 
预约/预借
| 序号 | 登录号 | 条形码 | 馆藏地/架位号 | 状态 | 备注 |
| 1 | 1624720 | 216247201 | 建筑库201/201建筑库 134排1列5层/ [索取号:TU991.36/M191] | 在馆 |